Escritos sobre la Codificacin̤

Detalles Bibliográficos
Autor principal: Caroni, Pio
Formato: eBook
Lenguaje:español
Publicado: Madrid : Dykinson, 2012
Materias:
Acceso en línea:http://www.vlex.com/source/6961

MARC

LEADER 00000nam a22000007a 4500
005 20130304150750.0
007 cr|||| ||||
008 130304e2012 sp |||||s|||| 00||0 spa d
020 |a 978-84-15454-51-9 
035 |a 6961 
040 |a vLex 
090 |c 3815  |d 3815 
100 1 0 |a Caroni, Pio  
245 1 0 |a Escritos sobre la Codificacin̤  |h [Recurso electrn̤ico] 
256 |a Servicio en ln̕ea 
260 |a Madrid :  |b Dykinson,   |c 2012  
300 |a 1 Recurso electrn̤ico 
506 |d vLex Global  |d vLex Global (Academic Edition, excluding Law Schools)  |d vLex Global (U.S. Academic Edition, Law Schools)  |d vLex Global (U.S. Academic Edition, excluding Law Schools)  |d vLex Global (Academic Edition, Law Schools) 
650 0 4 |a Cofificacin̤ 
650 0 4 |a Derecho civil 
650 0 4 |a Historia del Derecho 
740 |a vLex Libros (Servicio en ln̕ea) 
856 |a Acceso restringido  |u http://www.vlex.com/source/6961 
942 |c BOOK 
999 0 |a Law